01448nam a2200361 i 4500003000900000005001700009008004100026020001800067020002400085040004300109043001200152082002500164100002900189245013400218264010700352300004600459336002600505337002800531338002700559490003000586504004100616546005900657650005000716650004500766651001000811653001800821655001700839700003900856700003500895942001200930999001700942952012700959EG-ScBUE20230202110921.0170508s2013 ko a f b 000 0 eng d a9788973755813 a9788973755783 (set) aEG-ScBUEbengerdacEG-ScBUEdEG-ScBUE aa-ko---04a776.6095195bHYU2221 aHyung-suk, Kim,eauthor.10aK-animation :bbefriending children all over the world /cwriter, Kim Hyung-suk ; translator, Richard H. Harris, Alice J. Cheong. 1a[Sejong-si] :bKorean Culture and Information Service, Ministry of Culture, Sports and Tourism,c2013. a106 pages :bcolor illustrations ;c20 cm 2rdacontentatextbtxt 2rdamediaaunmediatedbn 2rdacarrieravolumebnc0 aKorean culture ;vno. 11. aIncludes bibliographical references. aText in English ; translated from the original Korean. 7aCharacters and characteristics in art.2BUEsh 7aComputer animationzKorea (South)2BUEsh 2BUEsh bGGENcMay2017 vReading book1 aHarris, Richard H., etranslator.1 aCheong, Alice J. etranslator. 2ddccBB c24799d24771 00102ddc40708Korean culaMAINbMAINc2NDd2017-05-08eDonationl0o776.6095195 HYUp000041817r2025-07-15 00:00:00yBB